Cricket: Highest Test Batting Average in the 1st Innings - Statistics

General Stats
  • This quiz has been taken 21 times
  • The average score is 13 of 20
Answer Stats
Country Years Runs Average Answer % Correct
WI 1990-2006 4000 70.17 Brian Lara
100%
AUS 1928-1948 2387 113.66 Sir Donald Bradman
100%
AUS 2010-2022* 3738 86.93 Steve Smith
100%
IND 1989-2012 5608 65.97 Sachin Tendulkar
94%
AUS 1995-2012 5403 61.39 Ricky Ponting
83%
WI 1954-1973 2898 57.96 Sir Garfield Sobers
83%
IND 1996-2012 4121 57.23 Rahul Dravid
78%
WI 1994-2015 3575 68.75 Shivnarine Chanderpaul
78%
ENG 1937-1955 2232 65.64 Sir Len Hutton
78%
AUS 1985-2003 4855 62.24 Steve Waugh
78%
ENG 1927-1947 2691 62.58 Wally Hammond
61%
AUS 1993-2006 3181 60.01 Justin Langer
56%
IND 2001-2012 2615 58.11 Virender Sehwag
56%
PAK 1976-1993 3730 69.07 Javed Miandad
50%
AUS 1948-1963 2131 59.19 Neil Harvey
44%
ENG 1955-1968 2735 70.12 Ken Barrington
39%
WI 1948-1958 2068 76.59 Sir Everton Weekes
39%
WI 1957-1973 2869 65.20 Rohan Kanhai
22%
AUS 1965-1981 2271 64.88 Doug Walters
17%
SL 2001-2013 2472 63.38 Thilan Samaraweera
17%
No matching quizzes found
Score Distribution
Percent of People with Each Score
Percentile by Number Answered
Your Score History
You have not taken this quiz